000 00208 a2200097 4500
001 37830
100 _aRao S S
245 _aMechanical Vibration
260 _aUSA
_bAddison Wesley
_c
090 _c24022
_d24022
942 _aNUST-CAE
_cM
_c15584
999 _c272903
_d272903